|
|
|
|
| LEADER |
00000nnm a2200000 i 4500 |
| 001 |
dolg23000 |
| 005 |
20191115130215.0 |
| 008 |
191115suuuu hu o 000 hun d |
| 040 |
|
|
|a BGE Dolgozattár Repozitórium
|b hun
|
| 041 |
|
|
|a hu
|
| 100 |
1 |
|
|a Bacher Viktória
|
| 245 |
1 |
3 |
|a Az online marketing eszközök használata a Hotel Botanicoban
|c Bacher Viktória
|h [elektronikus dokumentum]
|
| 246 |
1 |
1 |
|a Az online marketing eszközök használata a Hotel Botanicoban
|
| 516 |
|
|
|a Project_work
|
| 695 |
|
|
|a Online Marketing
|
| 695 |
|
|
|a Közösségi média
|
| 700 |
1 |
|
|a Sipos Erika
|e ths
|
| 856 |
4 |
0 |
|u http://dolgozattar.uni-bge.hu/23000/1/PROJEKTMUNKA%20original2-converted.pdf
|z Dokumentum-elérés
|